1944 1362 1980 1273 1389 1599 1975 1526 1326 1280 1994 1031 1055 1690 1192 1803 1578 1026 1317 1644 1377 1153 1673 1167 1013 1010 1396 1791 1403 1707 1156 1731 1675 1291 1057 1698 1178 1787 1531 1851 1401 1551 1903 1247 1821 1901 1465 1711 1388 1131 1938 1880 1682 1968 1620 1757 1679 1818 1648 1888 1020 1446 1418 1624 1159 1251 1585 1214 1797 1479 1000 1436 1542 1261 1319 1658 1936 1824 1260 1160 1203 1517 1543 1055 1913 1755 1770 1593 1446 1501 1002 1104 1262 1293 1376 1944 1866 1369 1191 BCNSPRNW ULIB Ver.6.0+V

เปลี่ยนเป็นภาษาไทย

Change to English
 แสดงรายละเอียดบรรณานุกรม
  กลับหน้าหลัก

Brief Record : Get Marc (ISO 2709) : E-mail record : QR code < ปิดหน้าต่าง
LEADER : 00000nam 2200000uu 4500
001    13399124931
003     ULIB
008    160518s2558||||th 000 0 tha d
020    ^a9786162797019
060 04 ^aWB141^bก451
100 0  ^aศิริวรรณ ตั้งจิตกมล,^eบรรณาธิการ
245 00 ^aการตรวจคัดกรองและการวินิจฉัยทางการแพทย์ =^bScreening anddiagnostic tests in medicine /^cบรรณาธิการ, ศิริวรรณ ตั้งจิตกมล... [และคนอื่นๆ]
246 31 ^aScreening and diagnostic tests in medicine
250    ^aพิมพ์ครั้งที่ 1
260    ^aนครปฐม :^bสำนักพิมพ์มหาวิทยาลัยมหิดล,^c2558
300    ^a325 หน้า
505 0  ^a... การตรวจคัดกรองทางการแพทย์ (Screening in Medicine) ... การตรวจคัดกรองและการวินิจฉัยภาวะต้อหิน (Screening and Diagnosis of Glaucoma) ... การตรวจคัดกรองและ วินิจฉัยภาวะจอตาเสื่อมจากโรคเบาหวาน (Screening and Diagnosis of Diabetic Retinopathy) ... การตรวจคัดกรองและการวินิจฉัยมะเร็งคอหอยส่วนกล่องเสียง (Screening and Diagnosis of Allergic Rhinitis) ... การตรวจคัดกรองและการวินิจฉัยภาวะการได้ยินบกพร่อง (Screening and Diagnosis of Hearing Impairment) ... การตรวจคัดกรองและการวินิจฉัยมะเร็งเต้านม (Screening and Diagnosis of Breast Cancer) ... การตรวจคัดกรองและการวินิจฉัยภาวะไตเสื่อมจากโรคเบาหวาน (Screening and Diagnosis of Diabetic Nephropathy) ... การตรวจคัด กรองและการวินิจฉัยในมารดาที่มีหมู่เลือดอาร์เอชลบ (Screening and Diagnosis of Rhesus-negative Pregnant Women) ... การคัดกรองและการวินิจฉัยก่อนคลอดของทารกดาวน์ (Down Syndrome Screening and Prenatal Diagnosis) ... การตรวจคัดกรองและการวินิจฉัยรอยโรคก่อนมะเร็งและมะเร็งปากมดลูก (Screening and Diagnosis of Pre-invasive and Invasive Cervical Cancer) ... การตรวจคัดกรองและการวินิจฉัยภาวะกระดูกพรุนในสตรีวัยหมดระดู (Screening for Osteoporosis in Postmenopausal Women) ... แนวทางการตรวจคัดกรองมะเร็ง ลำใส้ใหญ่และใส้ตรง (Colorectal Cancer Screening Guideline) ... บทบาทของแพทย์ในกระบวนการยุติธรรม (Role of Physicians on the Judicial Proceedings)
650  7 ^aการวินิจฉัยโรค
650  7 ^aการตรวจร่างกาย
650  7 ^aการตรวจคัดโรค
710 1  ^aมหาวิทยาลัยมหิดล
945    ^p400^l0^i000837
945    ^p400^l0^i000838
945    ^p400^l0^i000839
999    ^aเกษร โพธิ์สุวรรณ
รายการนี้ยังไม่มีแท็ก
คุณยังไม่ได้ล็อกอิน คุณสามารถมีกิจกรรมร่วมกับเว็บไซต์ได้ แต่ต้องล็อกอินก่อน ::
  ล็อกอิน

รายการสื่อสารสนเทศ

ลำดับที่ ประเภท เลขเรียก/บาร์โค้ด สถานที่ สถานะ
1. วิทยาศาสตร์การแพทย์ และสุขภาพ
วิทยาศาสตร์การแพทย์ และสุขภาพ
สถานะ=หนังสือเก่า
WB141 ก451 ฉ.1 
  Barcode: 000837
ห้องสมุดวิทยาเขตสวรรค์ประชารักษ์
►ส่วนจัดเก็บหนังสือเก่า สปร
บนชั้น
  ขอยืม
2. วิทยาศาสตร์การแพทย์ และสุขภาพ
วิทยาศาสตร์การแพทย์ และสุขภาพ
สถานะ=หนังสือเก่า
WB141 ก451 ฉ.2 
  Barcode: 000838
ห้องสมุดวิทยาเขตสวรรค์ประชารักษ์
►ส่วนจัดเก็บหนังสือเก่า สปร
บนชั้น
  ขอยืม
3. วิทยาศาสตร์การแพทย์ และสุขภาพ
วิทยาศาสตร์การแพทย์ และสุขภาพ
สถานะ=หนังสือเก่า
WB141 ก451 ฉ.3 
  Barcode: 000839
ห้องสมุดวิทยาเขตสวรรค์ประชารักษ์
►ส่วนจัดเก็บหนังสือเก่า สปร
บนชั้น
  ขอยืม

รายการใกล้เคียง
    หัวเรื่อง [การวินิจฉัยโรค]
    หัวเรื่อง [การตรวจร่างกาย]
    หัวเรื่อง [การตรวจคัดโรค]

BibComment


ยังไม่เคยถูกคอมเมนท์

คอมเมนท์ทรัพยากรรายการนี้
  คอมเมนท์: การตรวจคัดกรองแล..


 Copyright 2026. Bcnsprnw @Library